[Event "Forchheim op-B 15th"]
[Site "Forchheim"]
[Date "2016.10.02"]
[Round "4"]
[White "Wieczorek, Heinz"]
[Black "Walter, Stefan2222"]
[Result "1/2-1/2"]
[WhiteElo "1793"]
[BlackElo "1934"]
[PlyCount "33"]
[EventDate "2016.10.01"]
[EventType "swiss"]
[EventRounds "5"]
[EventCountry "GER"]
[SourceTitle "EXT 2019"]
[Source "ChessBase"]
[SourceDate "2018.10.10"]
[SourceVersion "1"]
[SourceVersionDate "2018.10.10"]
[SourceQuality "1"]

1. e4 c5 2. Nf3 Nc6 3. d4 cxd4 4. Nxd4 e5 5. Nb5 d6 6. N1c3 a6 7. Na3 b5 8. Nd5 Nce7 9. c4 Nxd5 10. Qxd5 Be6 11. Qd3 bxc4 12. Nxc4 Nf6 13. Bg5 Be7 14. Bxf6 gxf6 15. Be2 d5 16. exd5 Bxd5 17. 0-0 1/2-1/2

[Event "Mittelfranken Mitte-ch"]
[Site "Zirndorf"]
[Date "2016.01.03"]
[Round "1"]
[White "Faralisz, Patrick"]
[Black "Wieczorek, Heinz"]
[Result "1-0"]
[WhiteElo "1803"]
[BlackElo "1630"]
[PlyCount "45"]
[EventDate "2016.01.03"]
[EventType "swiss"]
[EventRounds "7"]
[EventCountry "GER"]
[SourceTitle "EXT 2018"]
[Source "ChessBase"]
[SourceDate "2017.10.13"]
[SourceVersion "1"]
[SourceVersionDate "2017.10.13"]
[SourceQuality "1"]

1. e4 e5 2. Nf3 Nc6 3. Bc4 Bc5 4. c3 Nf6 5. d3 d6 6. Bb3 h6 7. Nbd2 Bg4 8. h3 Bh5 9. Nf1 0-0 10. g4 Bg6 11. g5 Nh5 12. gxh6 Nf4 13. Bxf4 exf4 14. hxg7 Kxg7 15. Qd2 Ne5 16. N1h2 Re8 17. 0-0-0 Nxd3+ 18. Qxd3 Rxe4 19. Rhg1 Qe7 20. Bc2 Re6 21. Nd4 Kh8 22. Nf5 Bxf2 23. Rxg6 1-0

[Event "Mittelfranken-chTB2a 1516"]
[Site "Mittelfranken"]
[Date "2015.12.06"]
[Round "4.5"]
[White "Wieczorek, Heinz"]
[Black "Herbst, Thomas"]
[Result "0-1"]
[WhiteElo "1672"]
[BlackElo "1823"]
[PlyCount "80"]
[EventDate "2015.10.18"]
[EventType "team-tourn"]
[EventRounds "9"]
[EventCountry "GER"]
[SourceTitle "EXT 2020"]
[Source "ChessBase"]
[SourceDate "2019.10.17"]
[SourceVersion "1"]
[SourceVersionDate "2019.10.17"]
[SourceQuality "1"]
[WhiteTeam "Nuernberg Sued SW IV"]
[BlackTeam "Nuernberg SK 1911"]
[WhiteTeamCountry "GER"]
[BlackTeamCountry "GER"]

1. e4 e5 2. Nf3 Nf6 3. d4 Nxe4 4. Nxe5 d5 5. Nc3 Bb4 6. Bd2 Nxd2 7. Qxd2 0-0 8. 0-0-0 c6 9. h4 Qa5 10. a3 Bxc3 11. Qxc3 Qxc3 12. bxc3 Nd7 13. f4 f6 14. Nd3 Nb6 15. Nb2 Bf5 16. Bd3 Bxd3 17. cxd3 Rae8 18. Rde1 h5 19. Kd2 Kf7 20. Rxe8 Rxe8 21. Rh3 Nc8 22. Nd1 Nd6 23. Ne3 Ke6 24. Rf3 Nf5 25. g3 Re7 26. Nc2 Kd6 27. Ne3 Nxe3 28. Rxe3 Rxe3 29. Kxe3 Ke6 30. Kf3 Kf5 31. Kg2 Kg4 32. Kf2 b5 33. Kg2 f5 34. Kf2 Kh3 35. Kf3 Kh2 36. Kf2 a6 37. Kf3 Kg1 38. g4 hxg4+ 39. Kg3 Kf1 40. h5 Ke2 0-1

[Event "Forchheim op-B 13th"]
[Site "Forchheim"]
[Date "2014.10.04"]
[Round "4"]
[White "Wieczorek, Heinz"]
[Black "Bachhuber, Dominik"]
[Result "0-1"]
[WhiteElo "1825"]
[BlackElo "1915"]
[PlyCount "68"]
[EventDate "2014.10.03"]
[EventType "swiss"]
[EventRounds "5"]
[EventCountry "GER"]
[SourceTitle "EXT 2019"]
[Source "ChessBase"]
[SourceDate "2018.10.10"]
[SourceVersion "1"]
[SourceVersionDate "2018.10.10"]
[SourceQuality "1"]

1. e4 c6 2. d4 d5 3. e5 c5 4. Nf3 Nc6 5. c3 Bg4 6. Be2 e6 7. 0-0 cxd4 8. cxd4 Qb6 9. Nc3 Bxf3 10. Bxf3 Qxd4 11. Qb3 Qb4 12. Bxd5 exd5 13. Qxd5 Nge7 14. Qd1 Rd8 15. Qh5 g6 16. Qe2 Bg7 17. f4 Nd4 18. Qe4 0-0 19. Be3 Nec6 20. Kh1 Qxb2 21. Rfc1 Ne2 22. Na4 Qb4 23. Rc4 Qa5 24. Bc5 b5 25. Bxf8 bxc4 26. Bxg7 Qxa4 27. Qxe2 Kxg7 28. h4 c3 29. e6 Re8 30. Qd3 Rxe6 31. Qxc3+ Qd4 32. Qc1 Re4 33. g3 Re2 34. Qf1 Qe4+ 0-1

[Event "Bad Woerishofen op 28th"]
[Site "Bad Woerishofen"]
[Date "2012.03.06"]
[Round "5"]
[White "Wieczorek, Heinz"]
[Black "Lochte, Szilvia"]
[Result "1-0"]
[WhiteElo "1791"]
[BlackElo "1942"]
[PlyCount "55"]
[EventDate "2012.03.02"]
[EventType "swiss"]
[EventRounds "9"]
[EventCountry "GER"]
[SourceTitle "EXT 2019"]
[Source "ChessBase"]
[SourceDate "2018.10.10"]
[SourceVersion "1"]
[SourceVersionDate "2018.10.10"]
[SourceQuality "1"]

1. e4 c5 2. Nf3 e6 3. d4 cxd4 4. Nxd4 a6 5. a3 Nf6 6. Nc3 Qc7 7. Be2 b5 8. Bf3 Bb7 9. Qd3 d6 10. 0-0 Nbd7 11. Re1 Ne5 12. Qe2 Be7 13. Bf4 Nxf3+ 14. Nxf3 e5 15. Bg3 0-0 16. Rad1 Rac8 17. Rd2 Qa5 18. Nh4 g6 19. f4 Rxc3 20. bxc3 exf4 21. Bxf4 Nxe4 22. Nf3 Nxd2 23. Qxe7 Nxf3+ 24. gxf3 Qb6+ 25. Be3 Qc6 26. Bh6 Qb6+ 27. Kf1 Qd8 28. Bxf8 1-0